Christmas stories open the door to romance this christmas. (Record no. 1342254)

MARC details
000 -LEADER
fixed length control field 00549nam a2200181Ia 4500
008 - FIXED-LENGTH DATA ELEMENTS--GENERAL INFORMATION
fixed length control field 151202s9999||||xx |||||||||||||| ||und||
082 ## - DEWEY DECIMAL CLASSIFICATION NUMBER
Item number PNVM-75595
100 ## - MAIN ENTRY--PERSONAL NAME
Personal name lass small.
245 ## - TITLE STATEMENT
Title Christmas stories open the door to romance this christmas.
260 ## - PUBLICATION, DISTRIBUTION, ETC. (IMPRINT)
Name of publisher, distributor, etc "SILHOUETTE, LONDON."
260 ## - PUBLICATION, DISTRIBUTION, ETC. (IMPRINT)
Date of publication, distribution, etc 75595
300 ## - PHYSICAL DESCRIPTION
Extent 380
600 ## - SUBJECT ADDED ENTRY--PERSONAL NAME
Personal name lass small.
630 ## - SUBJECT ADDED ENTRY--UNIFORM TITLE
Uniform title Christmas stories open the door to romance this christmas.
700 ## - ADDED ENTRY--PERSONAL NAME
Personal name lass small.
730 ## - ADDED ENTRY--UNIFORM TITLE
Uniform title Christmas stories open the door to romance this christmas.
942 ## - ADDED ENTRY ELEMENTS (KOHA)
Koha item type Book
Holdings
Withdrawn status Lost status Damaged status Not for loan Home library Current library Date acquired Cost, normal purchase price Total Checkouts Full call number Barcode Date last seen Cost, replacement price Price effective from Koha item type
        Pune Nagar Vachan Mandir, Pune Pune Nagar Vachan Mandir, Pune 06/21/2015 0.00   PNVM-75595 PNVM-75595 12/02/2015 0.00 12/02/2015 Book